Παράθυρο στην εκπαίδευση του παιδιού

Αποθηκεύτηκε σε:
Λεπτομέρειες βιβλιογραφικής εγγραφής
Μορφή: Περιοδική έκδοση
Γλώσσα:Greek
Δημοσίευση: Αθήνα: Ωρίων, 1999
Θέματα:
Ετικέτες: Προσθήκη ετικέτας
Δεν υπάρχουν, Καταχωρήστε ετικέτα πρώτοι!

MARC

LEADER 00000cas a2200000 a 4500
001 1/122175
008 200930c1999####gr |||||||||||| ||gre||
022 |a 1108-5495 
040 |a GR-MyUa   |b gre   |c GR-MyUa   |e AACR2  
041 0 |a gre 
082 7 |a 378.025   |2 (23)  
210 1 |a Παράθυρο εκπαίδ. παιδ. 
222 0 |a Παράθυρο στην εκπαίδευση του παιδιού. 
245 0 0 |a Παράθυρο στην εκπαίδευση του παιδιού /  |h [περιοδικό]  
260 |a Αθήνα:   |b Ωρίων,   |c 1999  
300 |a  τ. :   |b εγχρ. εικ., πατρόν ;   |c 28 εκ.  
310 |a Διμηνιαίο,  |b 1999-  
362 1 |a Τεύχος 1 (1999) - 
500 |a Η βιβλιοθήκη του παραρτήματος Ρόδου έχει στο αρχείο της τεύχη του περιοδικού από το 2002-2010. 
650 0 |a Education, Primary  |z Greece. 
650 0 |a Education, Primary  |x Periodicals. 
853 |a INST  |b RHODES  |c SER  |h 378.025 
920 |a Δωρεά Βιβλιοθήκης   |y Ρόδος  |z 2020-09 
922 |a 4ΕΛΗ  |b 2020/09 
970 |a Σιδερή   |b Νεκταρία   |z 30-09-2020